| 000 | 01097nac a22003257a 4500 | ||
|---|---|---|---|
| 001 | BR8006258 | ||
| 003 | BR-BrBNA | ||
| 005 | 20240105114819.0 | ||
| 008 | 230509b bl.|||m| |||| 00| 0 por d | ||
| 040 |
_aBR-BrBNA _bpor _cBiblioteca Nacional de Agricultura |
||
| 072 | _aE30; E10; E15 | ||
| 090 | _aE30 BR8006258 | ||
| 110 | 1 |
_aBanco de Desenvolvimento do Estado do Maranhao S.A., Sao Luis (Brasil) _91087 |
|
| 245 | 1 | _aRelatorio 1980 - BDM [investimento, babacu, pesca, safra, Banco de Desenvolvimento do Estado do Maranhao S.A., Brasil] | |
| 260 | 3 |
_aSao Luis, MA (Brasil): _c1980. |
|
| 300 | _a52 p. | ||
| 490 |
_aRelatorio - Banco de Desenvolvimento do Estado do Maranhao S.A. (Brazil) _v _x |
||
| 500 | _a5 Maps 14x22cm; 12 tables; 6 graphs | ||
| 650 | _aPROJETO DE DESENVOLVIMENTO | ||
| 650 | _aDESENVOLVIMENTO ECONOMICO | ||
| 650 | _aANALISE ECONOMICA | ||
| 650 | _aFINANCIAMENTO | ||
| 650 | _aRECEITA | ||
| 650 | _aBABACU | ||
| 650 | _aPESCA | ||
| 650 | _aDESPESA | ||
| 650 | _aMARANHAO | ||
| 909 |
_a202312 _bLúcia Elande _c55 _dLúcia Elande |
||
| 942 |
_2AGRIS _n0 _cMS |
||
| 999 |
_c271460 _d271460 |
||